LEADER 01415nam a2200229 i 4500 001 000000240651 003 CaOOAMICUS 005 20150407000000.0 008 150407s1702 it u000 u fre u 013 $a219556 026 $as.es ;&a- r-s. auPr (3) 1702 (R) 040 $aSeMil$bita 245 10$aTome 10. Des auteurs du treiziéme siecle de l'Eglise. 300 $a[12], 266 [i.e. 264] p. 500 $aOmesse nella num. le p. 257-258. - Segn. : pg2 *2 [chi]2 A-2K4. 500 $aMarca editoriale: Sfera armillare sorretta da una mano uscente da una nuvola. Ai lati due putti che reggono il cartiglio col motto. Motto: Universitas rerum est pulvis in manu Jehova (Rep. Consultato: Marques d?impressors, Univ. di Barcellona). 773 0 $aDupin, André-Marie-Jean-Jacques <1783-1865>$tNouvelle bibliotheque des auteurs ecclesiastiques, contenant l'histoire de leur vie, le catalogue, la critique, et la chronologie de leurs ouvrages; le sommaire de ce qu'ils contiennenent: ... Par m.re L. Ellies Du Pin, ..$bTroisième edition revue & corrigée.$dA Paris : Chez André Pralard, ruë saint Jacques, à l'Occasion, 1691-1715.$g10$w()31697 850 $aSeMil 852 $aSeMil$W1$xVenegono$y1$m3D IV 23 FA$j190997$B190997$CSeMilBibl$Z2$F201814 $8I 941 1 $a10 961 $aRecupero: Mantegazza 996 $6245$aTome 10. Des auteurs du treiziéme siecle de l'Eglise$9(OLS)http://semarc/title/342216 LEADER 01674nam a2200313 4500 001 000000366622 003 CaOOAMICUS 005 20260227080050.0 008 260227s2025 gw 100 u ger r 020 $a978-3-402-26179-8 040 $aSeMil$bita 111 2 $aKolloquien zum Nachleben des Origenes <11. ; 2023 ; Münster>.$0(OLS)http://semarc/name/123840 245 10$aZwischen Origenismus und Anthropomorphismus :$bdie antiorigenistischen Schriften des Theophilus von Alexandria /$cherausgegeben von Alfons Fürst. 264 1$aMünster :$bAschendorff,$c2025. 300 $a398 p. ;$c24 cm 490 1 $aAdamantiana ;$v34 500 $aContributi del congresso, 26-27 ottobre 2023, Universität Münster 600 04$aTeofilo : d'Alessandria .$0(OLS)http://semarc/subject/16186 650 04$aOrigenismo - Sec. 4.-6.$0(OLS)http://semarc/subject/20148 650 04$aOrigene - Atti di congressi.$0(OLS)http://semarc/subject/8864 650 4$aCristianesimo - Controversie religiose - Sec. 4.$0(OLS)http://semarc/subject/54175 700 1 $aFürst, Alfons,$d<1961- >.$0(OLS)http://semarc/name/34086 830 0$aAdamantiana ;$v34.$0(OLS)http://semarc/title/447719 850 $aSeMil 852 $aSeMil$W1$xVenegono$y1$m2UA H 34$j267762$B257400$CSeMilBibl$Z2$F257400 $81 996 $6020$a978-3-402-26179-8$9(OLS)http://semarc/number/305412 996 $6245$aZwischen Origenismus und Anthropomorphismus :$bdie antiorigenistischen Schriften des Theophilus von Alexandria$9(OLS)http://semarc/title/458380 996 $6264$aMünster :$bAschendorff$9(OLS)http://semarc/publisher/29674